2 Thing Bonanza Quiz Stats

 Plays Quiz not verified by Sporcle

Support Sporcle.
Go Orange.
Score 0/30 Timer 04:00
0 Plays Today
Hints Answer % Correct
Green Eggs and Ham, Cat in the HatDr. Seuss
68.4%
Thunder Bay, LondonOntario
63.2%
apptetito, viaggioItalian
61.4%
Barney Stinson, TedHow I Met Your Mother
49.1%
Steven Tyler, Jennifer LopezAmerican Idol
49.1%
Atticus Finch, Boo RadleyTo Kill a Mockingbird
47.4%
Derek Morgan, Dr. ReidCriminal Minds
45.6%
abbatoir, angeFrench
45.6%
Rotterdam, UtrechtThe Netherlands
45.6%
'Surrender,' 'A Little Less Conversation'Elvis Presley
43.9%
Remember, GoVerbs
43.9%
Seven Nation Army, DoorbellThe White Stripes
42.1%
Gulfport, BiloxiMississippi
42.1%
The Hurt Locker, Driving Miss DaisyBest Picture
42.1%
Michael Bluth, GobArrested Development
36.8%
Hints Answer % Correct
Jim, 'Huck' FinnThe Adventures of Huckleberry Finn
36.8%
Julia Child, Miranda PriestlyMeryl Streep
36.8%
On, UnderPrepositions
35.1%
Amelia Earhart, Maggie FitzgeraldHilary Swank
33.3%
'Fire and Ice,' 'The Road Not Taken'Robert Frost
28.1%
Earl of Rochester, Mort RaineyJohnny Depp
28.1%
April Wheeler, Rose BukaterKate Winslet
26.3%
Infantry, DiceRisk
26.3%
Dragon, SnakeChinese Zodiac
22.8%
John Archibald, Lincoln RhymeDenzel Washington
21.1%
Robber, Longest RoadSettlers of Catan
21.1%
Butare, KigaliRwanda
17.5%
Day & Age, SawdustThe Killers
17.5%
Basher Tarr, Paul RusesabaginaDon Cheadle
14%
'Where Does My Heart Beat Now,' 'If You Asked Me To'Celine Dion
14%

You're not logged in!

Compare scores with friends on all Sporcle quizzes.
OR
Log In

From the Vault

Most Populous 'O' Cities by Continent

by MrWhiplash

You're welcome to guess Ondianapolis and Ostanbul, but you won't be right.
Remove Ads.
Support Sporcle.
Get the best of Sporcle when you Go Orange. This ad-free experience offers more features, more stats, and more fun while also helping to support Sporcle. Thank you for becoming a member.

Show Comments

Extras

Created Feb 21, 2011SourceReportNominate
Tags:Bonanza, Category, four

Top Quizzes Today


Score Distribution

Your Account Isn't Verified!

In order to create a playlist on Sporcle, you need to verify the email address you used during registration. Go to your Sporcle Settings to finish the process.

Report this User

Report this user for behavior that violates our Community Guidelines.

Details: